[Event "Znojemska Rotunda 2006"]
[Site "?"]
[Date "2006.08.24"]
[Round "7.3"]
[White "Fryc, Miroslav"]
[Black "Molik, Zdenek 1"]
[Result "0-1"]
[WhiteElo "2151"]
[BlackElo "2195"]
[PlyCount "82"]
[EventDate "2006.08.19"]

1. e4 e5 2. Nf3 Nc6 3. d4 exd4 4. Nxd4 Nf6 5. Nxc6 bxc6 6. e5 Qe7 7. Qe2 Nd5 8.
c4 Ba6 9. b3 Qh4 10. Bb2 Bb4+ 11. Nd2 Nc3 12. Qe3 Ne4 13. Bc1 O-O 14. Bd3 Nxd2
15. Bxd2 Bxd2+ 16. Qxd2 Rae8 17. O-O Rxe5 18. g3 Qh5 19. Rae1 Re6 20. Re4 Rxe4
21. Bxe4 Qe5 22. Re1 Qd6 23. Qxd6 cxd6 24. Rd1 f5 25. Bg2 Rf6 26. f4 Kf7 27.
Kf2 Re6 28. Rd2 Ke7 29. Bf3 Kd8 30. a3 Kc7 31. Rc2 Bb7 32. Rd2 a5 33. a4 Kb6
34. Rd3 Kc5 35. h3 Ba6 36. g4 d5 37. cxd5 Bxd3 38. dxe6 dxe6 39. Bd1 Kd4 40.
gxf5 exf5 41. h4 c5 0-1

[Event "Znojemska Rotunda 2006"]
[Site "?"]
[Date "2006.08.24"]
[Round "7.5"]
[White "Snorek, Milan"]
[Black "Smetak, Vaclav"]
[Result "1-0"]
[WhiteElo "2201"]
[BlackElo "2050"]
[PlyCount "35"]
[EventDate "2006.08.19"]

1. d4 d6 2. g3 e5 3. c3 Nc6 4. Bg2 g6 5. dxe5 Nxe5 6. Nd2 Bg7 7. Ngf3 Ne7 8.
O-O O-O 9. Qb3 N7c6 10. Nxe5 Nxe5 11. h3 Rb8 12. f4 Be6 13. Qa4 Qd7 14. Qxd7
Nxd7 15. Nb3 Bc4 16. Re1 f5 17. Na5 Nb6 18. Nxc4 1-0

[Event "Znojemska Rotunda 2006"]
[Site "?"]
[Date "2006.08.24"]
[Round "7.6"]
[White "Docekal, Jan"]
[Black "Horak, Karel jun"]
[Result "0-1"]
[WhiteElo "2159"]
[BlackElo "1794"]
[PlyCount "54"]
[EventDate "2006.08.19"]

1. e4 c5 2. Nc3 e6 3. f4 Nc6 4. Bc4 Nge7 5. e5 a6 6. a4 h5 7. Nf3 Nf5 8. Ne4 d5
9. exd6 Nxd6 10. Nxd6+ Bxd6 11. d3 Qc7 12. g3 Na5 13. Ba2 b5 14. O-O c4 15. Be3
Bb7 16. Qe2 Qc6 17. Bd2 b4 18. dxc4 O-O-O 19. Be3 h4 20. Rad1 g5 21. Rxd6 Rxd6
22. fxg5 hxg3 23. hxg3 Qe4 24. Rf2 Rh3 25. Kg2 Qg4 26. Bf4 Qh5 27. Bxd6 Rh1 0-1

[Event "Znojemska Rotunda 2006"]
[Site "?"]
[Date "2006.08.24"]
[Round "7.7"]
[White "Vavrousek, Petr"]
[Black "Dobes, Oldrich"]
[Result "0-1"]
[WhiteElo "1903"]
[BlackElo "2084"]
[PlyCount "52"]
[EventDate "2006.08.19"]

1. e4 c5 2. Nf3 d6 3. d4 cxd4 4. Nxd4 Nf6 5. Nc3 a6 6. Bc4 e6 7. Bb3 Be7 8. g4
O-O 9. g5 Ne8 10. h4 Nc6 11. a3 Nxd4 12. Qxd4 e5 13. Qd1 Be6 14. Nd5 Nc7 15.
Nxe7+ Qxe7 16. Bxe6 fxe6 17. Be3 d5 18. Bd2 Qc5 19. Qe2 Qc6 20. O-O-O d4 21. h5
Nb5 22. Qd3 Rac8 23. Rh2 Rf3 24. Be3 dxe3 25. g6 exf2 26. Qd8+ Rf8 0-1

[Event "Znojemska Rotunda 2006"]
[Site "?"]
[Date "2006.08.24"]
[Round "7.8"]
[White "Bilek, Martin"]
[Black "Dvorak, Libor"]
[Result "1-0"]
[WhiteElo "1828"]
[BlackElo "2079"]
[PlyCount "83"]
[EventDate "2006.08.19"]

1. e4 c5 2. Nf3 d6 3. d4 cxd4 4. Nxd4 Nf6 5. Nc3 g6 6. Be3 Bg7 7. f3 Nc6 8. Qd2
O-O 9. O-O-O d5 10. Nxc6 bxc6 11. exd5 cxd5 12. Nxd5 Nxd5 13. Qxd5 Qc7 14. Qc5
Qb7 15. Bd4 Bf5 16. Bd3 Rfc8 17. Qa3 Bxd4 18. Bxf5 Bxb2+ 19. Qxb2 Qxb2+ 20.
Kxb2 gxf5 21. Rd3 Rc7 22. Rhd1 Rb8+ 23. Kc1 Rbb7 24. h3 f4 25. g3 fxg3 26. Rg1
Rb6 27. Rxg3+ Rg6 28. Rxg6+ hxg6 29. Kd2 Kg7 30. Rc3 Rxc3 31. Kxc3 Kf6 32. Kd4
Ke6 33. c4 f6 34. h4 Kd6 35. f4 e6 36. a4 a5 37. c5+ Kc6 38. Kc4 e5 39. f5 gxf5
40. h5 f4 41. h6 f3 42. Kd3 1-0

[Event "Znojemska Rotunda 2006"]
[Site "?"]
[Date "2006.08.24"]
[Round "7.9"]
[White "Kukla, Tomas"]
[Black "Petlak, Josef"]
[Result "0-1"]
[WhiteElo "1590"]
[BlackElo "2019"]
[PlyCount "88"]
[EventDate "2006.08.19"]

1. e4 e6 2. d4 d5 3. Nc3 Be7 4. e5 b6 5. Qg4 g6 6. h4 h5 7. Qg3 a5 8. Nf3 Kf8
9. Bg5 Nh6 10. O-O-O Ba6 11. Bd3 Bxd3 12. Rxd3 c5 13. Nb5 Nf5 14. Qf4 c4 15.
Re3 Nc6 16. Bxe7+ Kxe7 17. Ng5 Qd7 18. Nd6 Raf8 19. f3 Kd8 20. Ngxf7+ Rxf7 21.
Nxf7+ Kc7 22. Nxh8 Ncxd4 23. g4 Qa4 24. Rh2 Qxa2 25. gxf5 Qa1+ 26. Kd2 Nxf5 27.
Re1 Qxb2 28. Rhh1 d4 29. Rb1 Qc3+ 30. Ke2 Qxc2+ 31. Qd2 Ng3+ 32. Ke1 Qxb1+ 33.
Kf2 Nxh1+ 34. Kg2 d3 35. Qg5 Qc2+ 36. Kxh1 d2 37. Qe7+ Kb8 38. Qd8+ Kb7 39.
Qd7+ Ka6 40. Qc8+ Kb5 41. Qd7+ Kb4 42. Qd6+ Ka4 43. Qc6+ b5 44. Qxb5+ Kxb5 0-1

[Event "Znojemska Rotunda 2006"]
[Site "?"]
[Date "2006.08.24"]
[Round "7.10"]
[White "Adam, Petr jun"]
[Black "Molik, Zdenek 2"]
[Result "1-0"]
[WhiteElo "1497"]
[BlackElo "1629"]
[PlyCount "77"]
[EventDate "2006.08.19"]

1. e4 e5 2. Nc3 Nf6 3. g3 d6 4. Bg2 c6 5. Nge2 Be6 6. d3 Be7 7. O-O Nbd7 8. f4
exf4 9. gxf4 Bg4 10. Qe1 Bxe2 11. Qxe2 Qc7 12. Kh1 O-O-O 13. d4 Nb6 14. a4 Kb8
15. Be3 d5 16. e5 Nfd7 17. b3 g6 18. Na2 f5 19. a5 Na8 20. b4 a6 21. c4 dxc4
22. Qxc4 b5 23. Qxc6 Qxc6 24. Bxc6 Nf8 25. Rac1 Nc7 26. Rc2 Nfe6 27. Rd1 Nd5
28. Bxd5 Rxd5 29. Nc3 Rdd8 30. d5 Ng7 31. d6 Bf8 32. Bb6 Rd7 33. Nd5 Ne6 34.
Nf6 Rf7 35. d7 Be7 36. Ne8 Rhf8 37. Rc8+ Kb7 38. d8=Q Bxd8 39. Nd6# 1-0

[Event "Znojemska Rotunda 2006"]
[Site "?"]
[Date "2006.08.24"]
[Round "7.11"]
[White "Horak, Karel sen"]
[Black "Malar, Josef"]
[Result "1-0"]
[WhiteElo "1786"]
[BlackElo "1541"]
[PlyCount "39"]
[EventDate "2006.08.19"]

1. d4 d5 2. c4 Nf6 3. cxd5 Nxd5 4. e4 Nb6 5. Nc3 e6 6. Nf3 Be7 7. Be3 O-O 8.
Qc2 Nc6 9. a3 f5 10. Rd1 fxe4 11. Nxe4 Nd5 12. Bc1 Bd7 13. Bc4 Re8 14. O-O Na5
15. Ba2 Bf6 16. Rfe1 Be7 17. Neg5 Bxg5 18. Bxg5 Nf6 19. Ne5 Nc6 20. Ng4 1-0

[Event "Znojemska Rotunda 2006"]
[Site "?"]
[Date "2006.08.24"]
[Round "7.12"]
[White "Havel, Vojtech"]
[Black "Guzma, Vladimir"]
[Result "1-0"]
[WhiteElo "1571"]
[BlackElo "1567"]
[PlyCount "33"]
[EventDate "2006.08.19"]

1. d4 d5 2. c4 dxc4 3. Nc3 e6 4. e4 c5 5. d5 exd5 6. Nxd5 Nc6 7. Bxc4 a6 8. Nf3
Bg4 9. O-O Ne5 10. Be2 Bd6 11. Be3 Nxf3+ 12. Bxf3 Bxf3 13. Qxf3 Ne7 14. Rfd1
Nxd5 15. Rxd5 Qc7 16. Qh3 O-O 17. Rh5 1-0

[Event "Znojemska Rotunda 2006"]
[Site "?"]
[Date "2006.08.24"]
[Round "7.14"]
[White "Bastyr, Pavel"]
[Black "Tran, Adam"]
[Result "1-0"]
[WhiteElo "1541"]
[BlackElo "1459"]
[PlyCount "89"]
[EventDate "2006.08.19"]

1. d4 e6 2. c4 d5 3. Nc3 c6 4. Nf3 g6 5. Bg5 Ne7 6. Bf6 Rg8 7. e3 Bg7 8. Bh4 f5
9. Bg3 Rf8 10. Be5 Kf7 11. Bd3 Kg8 12. O-O a6 13. a4 Bxe5 14. Nxe5 Nd7 15. f4
Nf6 16. Qe1 Bd7 17. Qh4 Be8 18. Rf3 Rb8 19. Rh3 b5 20. axb5 axb5 21. c5 Ra8 22.
Qe1 h5 23. Ne2 Ng4 24. Kh1 Rxa1 25. Qxa1 Nf2+ 26. Kg1 Nxh3+ 27. gxh3 Kg7 28.
Qa7 Kh6 29. h4 Nc8 30. Qa1 Qxh4 31. Qf1 Qe7 32. Qh3 Rg8 33. Kh1 Qa7 34. Qh4
Qa1+ 35. Ng1 Rf8 36. Qg5+ Kg7 37. Qd8 Na7 38. Qe7+ Bf7 39. Nd7 Re8 40. Qf6+ Kg8
41. Qg5 Kg7 42. Be2 Nc8 43. Bxh5 Ne7 44. Qf6+ Kg8 45. Ne5 1-0

[Event "Znojemska Rotunda 2006"]
[Site "?"]
[Date "2006.08.25"]
[Round "8.1"]
[White "Molik, Zdenek 1"]
[Black "Maslik, Miroslav"]
[Result "0-1"]
[WhiteElo "2195"]
[BlackElo "2226"]
[PlyCount "82"]
[EventDate "2006.08.19"]

1. e4 c5 2. Nf3 d6 3. Bb5+ Nd7 4. O-O a6 5. Bd3 Ngf6 6. h3 e5 7. c3 Be7 8. Bc2
Nf8 9. d4 Ng6 10. Nbd2 O-O 11. d5 Nf4 12. a4 N6h5 13. Ne1 Bg5 14. Kh2 g6 15.
Ndf3 Bf6 16. Ng1 Ng7 17. g3 Nfh5 18. Ng2 Bg5 19. f4 exf4 20. gxf4 Bh4 21. Nxh4
Qxh4 22. Qe1 Qe7 23. Nf3 f6 24. Qe2 Bd7 25. Bd2 b5 26. axb5 axb5 27. Bd3 c4 28.
Bc2 Nf5 29. Qd1 Nh6 30. Re1 Nf7 31. Nd4 Rxa1 32. Qxa1 f5 33. exf5 Qh4 34. Rg1
Nxf4 35. Qf1 Nd3 36. Bxd3 cxd3 37. fxg6 Ne5 38. gxh7+ Kxh7 39. Be1 Rxf1 40.
Bxh4 Rxg1 41. Kxg1 d2 0-1

[Event "Znojemska Rotunda 2006"]
[Site "?"]
[Date "2006.08.25"]
[Round "8.2"]
[White "Pokrupa, Marek"]
[Black "Skaroupka, Jiri"]
[Result "1/2-1/2"]
[WhiteElo "2142"]
[BlackElo "2161"]
[PlyCount "84"]
[EventDate "2006.08.19"]

1. e4 Nc6 2. Nf3 d6 3. d4 Nf6 4. Nc3 Bg4 5. Bb5 a6 6. Bxc6+ bxc6 7. h3 Bh5 8.
Qe2 e6 9. O-O Be7 10. Bg5 Qb8 11. e5 Nd5 12. Qc4 Qb6 13. exd6 cxd6 14. Nxd5
cxd5 15. Qb3 Rb8 16. Rfe1 Bxf3 17. Bxe7 Kxe7 18. Qxf3 Qxb2 19. Qxd5 Rhc8 20.
Qg5+ Kf8 21. Qf4 e5 22. dxe5 dxe5 23. Qxe5 Qxe5 24. Rxe5 Rxc2 25. a4 Rbb2 26.
Rf1 Ra2 27. Ra5 Rc6 28. Rd1 Rf6 29. Rf1 Ke8 30. Rd1 Ke7 31. Re5+ Re6 32. Rxe6+
Kxe6 33. Rd4 Ke5 34. Rb4 Rd2 35. Rb7 Ke6 36. Rb6+ Rd6 37. Rb7 h5 38. g3 g6 39.
h4 f5 40. Kf1 Kd5 41. Ke2 Ke5 42. Ke3 Rf6 {
Oba souperi pisou jako prasata takze dale jsou partiare necitelne} 1/2-1/2

[Event "Znojemska Rotunda 2006"]
[Site "?"]
[Date "2006.08.25"]
[Round "8.3"]
[White "Blazek, Milos"]
[Black "Fryc, Miroslav"]
[Result "0-1"]
[WhiteElo "2100"]
[BlackElo "2151"]
[PlyCount "102"]
[EventDate "2006.08.19"]

1. e4 c5 2. Nf3 Nc6 3. d4 cxd4 4. Nxd4 g6 5. Nc3 Bg7 6. Be3 d6 7. Bc4 Nf6 8. f3
O-O 9. Qd2 a6 10. O-O-O Ne5 11. Bb3 b5 12. h4 Nc4 13. Bxc4 bxc4 14. h5 Bd7 15.
Bh6 Qa5 16. Bxg7 Kxg7 17. hxg6 fxg6 18. Qh6+ Kg8 19. Nd5 Rf7 20. Nxf6+ exf6 21.
Kb1 c3 22. Nb3 Qe5 23. Qh2 cxb2 24. Rxd6 Qxh2 25. Rxh2 a5 26. Nc5 Be8 27. g4 a4
28. a3 Rc7 29. Nd3 Rb8 30. Nb4 Bf7 31. Rhd2 Kg7 32. Rd7 Rxd7 33. Rxd7 h5 34.
Nc6 Rf8 35. gxh5 gxh5 36. Nd4 Kg6 37. Kxb2 h4 38. Nf5 h3 39. Rd2 Rh8 40. Rh2
Kg5 41. Kc3 Kf4 42. Kd4 Kxf3 43. c4 Bg6 44. Kd5 Bxf5 45. exf5 Kg3 46. Rh1 Kg2
47. Rb1 h2 48. Ke6 h1=Q 49. Rxh1 Rxh1 50. Kxf6 Ra1 51. Ke7 Rxa3 0-1

[Event "Znojemska Rotunda 2006"]
[Site "?"]
[Date "2006.08.25"]
[Round "8.4"]
[White "Adam, Petr sen"]
[Black "Snorek, Milan"]
[Result "0-1"]
[WhiteElo "2102"]
[BlackElo "2201"]
[PlyCount "110"]
[EventDate "2006.08.19"]

1. d4 d5 2. Bg5 Bf5 3. Nc3 h6 4. Bh4 Nf6 5. Bxf6 gxf6 6. e3 Rg8 7. Nge2 c6 8.
Ng3 Bg6 9. Bd3 Qb6 10. Bxg6 Rxg6 11. Na4 Qa5+ 12. c3 e6 13. b4 Qc7 14. Nb2 a5
15. Nd3 axb4 16. cxb4 Ra3 17. O-O b5 18. Qc2 Bd6 19. f4 f5 20. Rfc1 Qa7 21. Nf1
f6 22. Nd2 Qa4 23. Nb3 Bxb4 24. Ndc5 Bxc5 25. Nxc5 Qxc2 26. Rxc2 Ke7 27. Kf2
Rg7 28. Rac1 Kd6 29. g3 Rga7 30. Kf3 Rxa2 31. Nb7+ Kc7 32. Nc5 Rxc2 33. Rxc2
Kd6 34. g4 fxg4+ 35. Kxg4 Nd7 36. Nxd7 Kxd7 37. Kh5 Ra3 38. Re2 e5 39. fxe5
fxe5 40. Kxh6 exd4 41. exd4 Rh3+ 42. Kg5 b4 43. Kg4 Rd3 44. h4 Rxd4+ 45. Kg5 b3
46. h5 Rb4 47. Rb2 c5 48. h6 c4 49. h7 Rb8 50. Kg6 Kd6 51. Kg7 Rb7+ 52. Kg6
Rxh7 53. Kxh7 d4 54. Kg6 c3 55. Rxb3 c2 0-1

[Event "Znojemska Rotunda 2006"]
[Site "?"]
[Date "2006.08.25"]
[Round "8.5"]
[White "Dobes, Oldrich"]
[Black "Bilek, Martin"]
[Result "1-0"]
[WhiteElo "2084"]
[BlackElo "1828"]
[PlyCount "145"]
[EventDate "2006.08.19"]

1. e4 d5 2. exd5 Qxd5 3. Nf3 Nf6 4. Nc3 Qa5 5. Be2 Bg4 6. O-O e6 7. h3 Bh5 8.
Nd4 c6 9. Nb3 Bxe2 10. Qxe2 Qc7 11. d3 Nbd7 12. Bg5 Bd6 13. Nd2 h6 14. Bxf6
gxf6 15. Nde4 Be7 16. Rab1 f5 17. Nd2 Bf6 18. Nc4 O-O-O 19. a4 Rhg8 20. Qf3 Rg7
21. Kh1 Rdg8 22. Rg1 Nf8 23. Ne2 Ng6 24. g3 h5 25. Nf4 Nxf4 26. gxf4 Rxg1+ 27.
Rxg1 Rxg1+ 28. Kxg1 h4 29. b3 Kd8 30. Qe3 b6 31. Kg2 c5 32. Ne5 Qb7+ 33. Qf3
Qxf3+ 34. Kxf3 Ke8 35. Ke3 a6 36. d4 cxd4+ 37. Kxd4 Be7 38. Nd3 f6 39. c4 Kd7
40. b4 Kc6 41. b5+ axb5 42. axb5+ Kc7 43. c5 bxc5+ 44. Nxc5 e5+ 45. Kd5 Kb6 46.
Nd7+ Kxb5 47. fxe5 fxe5 48. Kxe5 Kc6 49. Ke6 Bb4 50. Ne5+ Kc7 51. Kxf5 Kd6 52.
f4 Bc3 53. Nf3 Ke7 54. Nxh4 Kf7 55. Nf3 Bf6 56. h4 Kg7 57. h5 Bb2 58. Kg4 Kh6
59. Nh4 Bc1 60. Nf5+ Kh7 61. Kg5 Bd2 62. Ne7 Bc1 63. Nd5 Kg7 64. h6+ Kh7 65.
Kh5 Bd2 66. Kg5 Bc1 67. Nf6+ Kh8 68. Ng4 Kg8 69. Kf5 Kf7 70. Ne5+ Kf8 71. Nd3
Bd2 72. Kg6 Bc3 73. Ne5 1-0

[Event "Znojemska Rotunda 2006"]
[Site "?"]
[Date "2006.08.25"]
[Round "8.6"]
[White "Petlak, Josef"]
[Black "Horak, Karel jun"]
[Result "0-1"]
[WhiteElo "2019"]
[BlackElo "1794"]
[PlyCount "122"]
[EventDate "2006.08.19"]

1. e4 c5 2. Nf3 e6 3. d4 cxd4 4. Nxd4 a6 5. g3 Qc7 6. Bg2 Nc6 7. O-O Nf6 8. Nc3
Bb4 9. Nce2 h5 10. h4 Ng4 11. c3 Be7 12. Nf4 Nce5 13. Nd3 Nxd3 14. Qxd3 Bxh4
15. Bf4 e5 16. Nf5 O-O 17. gxh4 exf4 18. Nd6 f3 19. Bh3 Qd8 20. Qxf3 Qxh4 21.
Qg2 b6 22. Rad1 g6 23. Rd3 Ne5 24. Rg3 Qf4 25. Rd1 h4 26. Re3 Ra7 27. Kh1 Qf6
28. Nf5 Kh7 29. Rd6 Qd8 30. f4 Nc4 31. Qg4 Nxe3 32. Nxe3 Qe7 33. e5 Bb7+ 34.
Kh2 Be4 35. Rf6 Kg7 36. Qxh4 d6 37. Qg5 Rh8 38. Rxd6 Qxg5 39. fxg5 Re7 40. Kg3
Rxe5 41. Kf4 Rxh3 42. Kxe5 Rxe3 43. Rxb6 Re2 44. Kd4 Bb1 45. a3 a5 46. c4 Re4+
47. Kd5 Rg4 48. c5 Rxg5+ 49. Kd6 Bf5 50. b4 Rg3 51. b5 Rd3+ 52. Kc7 g5 53. Rd6
Rxd6 54. cxd6 g4 55. b6 g3 56. b7 g2 57. b8=Q g1=Q 58. Qb2+ Kg6 59. Kb8 Qc5 60.
Qg2+ Kf6 61. Qg3 Qb6+ 0-1

[Event "Znojemska Rotunda 2006"]
[Site "?"]
[Date "2006.08.25"]
[Round "8.7"]
[White "Dvorak, Libor"]
[Black "Adam, Petr jun"]
[Result "1-0"]
[WhiteElo "2079"]
[BlackElo "1497"]
[PlyCount "75"]
[EventDate "2006.08.19"]

1. Nf3 g6 2. g3 Bg7 3. Bg2 e5 4. d3 Nc6 5. c4 d6 6. Nc3 Nf6 7. Rb1 a5 8. a3 Nd4
9. Nxd4 exd4 10. Nb5 Ng4 11. O-O c6 12. h3 cxb5 13. hxg4 bxc4 14. dxc4 O-O 15.
e3 Qg5 16. exd4 Qxg4 17. Be3 Qxd1 18. Rfxd1 Bf5 19. Rbc1 Rab8 20. Bf4 Rfd8 21.
c5 Bf8 22. b4 axb4 23. axb4 h6 24. b5 g5 25. Be3 dxc5 26. dxc5 Rxd1+ 27. Rxd1
Be6 28. b6 f6 29. Bxb7 Bxc5 30. Bxc5 Rxb7 31. Rb1 h5 32. Bd6 Kf7 33. Bc7 h4 34.
gxh4 gxh4 35. Rb4 h3 36. Kh2 Kg6 37. Kg3 Kg5 38. Rh4 1-0

[Event "Znojemska Rotunda 2006"]
[Site "?"]
[Date "2006.08.25"]
[Round "8.8"]
[White "Horak, Karel sen"]
[Black "Docekal, Jan"]
[Result "0-1"]
[WhiteElo "1786"]
[BlackElo "2159"]
[PlyCount "62"]
[EventDate "2006.08.19"]

1. e4 d5 2. exd5 Nf6 3. d4 Nxd5 4. Nf3 Bg4 5. h3 Bh5 6. c4 Nb6 7. g4 Bg6 8. Nc3
e6 9. c5 N6d7 10. Bf4 Be7 11. Qd2 Nf6 12. O-O-O Ne4 13. Qe3 Nxc3 14. Qxc3 c6
15. Bc4 Be4 16. Rhe1 Bd5 17. Qb3 Bxf3 18. Qxf3 O-O 19. Qe4 Nd7 20. Qg2 Bg5 21.
Be3 Bxe3+ 22. Rxe3 Qe7 23. f4 Rad8 24. g5 b5 25. Bb3 Nb8 26. f5 Rxd4 27. Rxd4
Qxc5+ 28. Kb1 Qxd4 29. Re4 Qd3+ 30. Bc2 Qd5 31. Bb3 Qxf5 0-1

[Event "Znojemska Rotunda 2006"]
[Site "?"]
[Date "2006.08.25"]
[Round "8.9"]
[White "Pokorny, Jan"]
[Black "Smetak, Vaclav"]
[Result "1-0"]
[WhiteElo "1710"]
[BlackElo "2050"]
[PlyCount "125"]
[EventDate "2006.08.19"]

1. e4 d6 2. d4 g6 3. g3 Bg7 4. Bg2 c6 5. Ne2 Bg4 6. Nbc3 Qd7 7. h3 Bxe2 8. Nxe2
Na6 9. Be3 e6 10. O-O Ne7 11. c3 O-O 12. Nf4 Rfd8 13. Qc2 d5 14. Rae1 dxe4 15.
Bxe4 Nd5 16. Bg2 Rac8 17. Nd3 b6 18. Qa4 Nb8 19. Bf4 Nxf4 20. Nxf4 a5 21. Rd1
Qc7 22. Nd3 b5 23. Qa3 Bf8 24. b4 Nd7 25. Qb2 Nb6 26. Ne5 Nd5 27. a3 Bd6 28.
Rfe1 Ra8 29. Rc1 Ra6 30. Bf1 Bxe5 31. dxe5 axb4 32. cxb4 Qa7 33. Rc5 Rxa3 34.
Re2 Ra4 35. Rxc6 Rxb4 36. Qc1 Kg7 37. Rec2 Qd4 38. Qg5 Rf8 39. R2c5 Rb2 40. Rc2
Rxc2 41. Rxc2 h6 42. Qc1 Ra8 43. Qb2 Qxb2 44. Rxb2 b4 45. Bc4 Rb8 46. Kf1 g5
47. Ke2 f6 48. exf6+ Kxf6 49. Kd3 Ke5 50. Re2+ Kd6 51. Kc2 Rf8 52. Bb3 Rf3 53.
Kb2 Rc3 54. Rd2 Rc5 55. Rd4 Ke5 56. Rg4 Rc3 57. h4 Kf5 58. Rd4 Rf3 59. Bxd5
Rxf2+ 60. Kb3 exd5 61. hxg5 Ke5 62. Rf4 hxg5 63. Rxf2 1-0

[Event "Znojemska Rotunda 2006"]
[Site "?"]
[Date "2006.08.25"]
[Round "8.11"]
[White "Molik, Zdenek 2"]
[Black "Kukla, Tomas"]
[Result "1/2-1/2"]
[WhiteElo "1629"]
[BlackElo "1590"]
[PlyCount "72"]
[EventDate "2006.08.19"]

1. e4 e5 2. Nf3 Nc6 3. Bc4 Nf6 4. Nc3 Bc5 5. d3 d6 6. h3 Be6 7. Bb3 Qd7 8. Qe2
O-O-O 9. Be3 Kb8 10. Ng5 Bb4 11. Nxe6 fxe6 12. Bd2 d5 13. exd5 exd5 14. Ba4
Rde8 15. O-O-O d4 16. Ne4 Bxd2+ 17. Rxd2 Nxe4 18. Qxe4 Re6 19. Re2 g6 20. Rhe1
Rhe8 21. Bb3 Rf6 22. Ba4 a6 23. Bxc6 bxc6 24. Qg4 Qxg4 25. hxg4 Kb7 26. f3 Rfe6
27. f4 c5 28. c4 Kc6 29. fxe5 Rf8 30. Kd1 Rf4 31. Re4 Rf2 32. R1e2 Rf1+ 33. Re1
Rf2 34. R1e2 Rf1+ 35. Kc2 g5 36. Kd2 Kb6 1/2-1/2

[Event "Znojemska Rotunda 2006"]
[Site "?"]
[Date "2006.08.25"]
[Round "8.13"]
[White "Guzma, Vladimir"]
[Black "Bastyr, Pavel"]
[Result "0-1"]
[WhiteElo "1567"]
[BlackElo "1541"]
[PlyCount "76"]
[EventDate "2006.08.19"]

1. e4 e5 2. Nf3 d6 3. d4 Nf6 4. Nc3 Nbd7 5. Bc4 Be7 6. Bg5 O-O 7. Qd2 exd4 8.
Nxd4 Re8 9. O-O-O Ne5 10. Bb3 a6 11. h4 c6 12. f4 Neg4 13. h5 h6 14. Bh4 Nxe4
15. Bxe7 Nxd2 16. Bxd8 Nxb3+ 17. axb3 Rxd8 18. Rde1 c5 19. Nf3 Be6 20. Ne4 Rac8
21. Ng3 Nf6 22. Re2 Bd5 23. Rd1 Bxf3 24. gxf3 d5 25. Rde1 Re8 26. Nf5 Rxe2 27.
Rxe2 Kf8 28. Re7 Rb8 29. Rc7 Nxh5 30. Nd6 f6 31. Nxb7 Nxf4 32. Nxc5 Re8 33.
Nxa6 h5 34. b4 h4 35. b5 h3 36. b6 h2 37. b7 h1=Q+ 38. Kd2 Qe1# 0-1

[Event "Znojemska Rotunda 2006"]
[Site "?"]
[Date "2006.08.25"]
[Round "8.14"]
[White "Malar, Josef"]
[Black "Tran, Adam"]
[Result "1-0"]
[WhiteElo "1541"]
[BlackElo "1459"]
[PlyCount "107"]
[EventDate "2006.08.19"]

1. Nf3 e6 2. c4 Ne7 3. b3 d5 4. g3 c6 5. Bg2 f6 6. O-O g6 7. Bb2 Bg7 8. d4 O-O
9. Qc2 f5 10. Nbd2 Nd7 11. Rfe1 Nf6 12. Rab1 a6 13. a4 b5 14. Ba3 Bd7 15. Ne5
Re8 16. Bc5 bxa4 17. b4 Qc7 18. Qxa4 Ne4 19. Nxe4 fxe4 20. Nxd7 Qxd7 21. cxd5
exd5 22. e3 Qb7 23. Re2 Qb5 24. Ra2 Qxa4 25. Rxa4 Bf8 26. Rba1 Nf5 27. Rxa6
Rxa6 28. Rxa6 Bxc5 29. bxc5 Ne7 30. Bh3 Rd8 31. Kg2 Kf7 32. Ra7 Kf6 33. Rc7 Ra8
34. Bd7 Ra6 35. Rb7 Ra5 36. Rb6 Rb5 37. h3 g5 38. Rxb5 cxb5 39. Bxb5 Ke6 40. g4
Ng6 41. Kg3 h6 42. Be8 Nf8 43. h4 Ke7 44. Bc6 Ke6 45. h5 Nh7 46. f4 Nf6 47.
fxg5 hxg5 48. Bb7 Kd7 49. h6 Ke6 50. Bc8+ Kf7 51. Bf5 Ne8 52. Be6+ Kg6 53. Bxd5
Kxh6 54. Bxe4 1-0

[Event "Znojemska Rotunda 2006"]
[Site "?"]
[Date "2006.08.25"]
[Round "8.15"]
[White "Jadud, Oto"]
[Black "Holik, Jakub"]
[Result "1-0"]
[WhiteElo "1981"]
[BlackElo "1414"]
[PlyCount "57"]
[EventDate "2006.08.19"]

1. e4 c5 2. d4 cxd4 3. c3 Nf6 4. e5 Nd5 5. Nf3 Nc6 6. cxd4 d6 7. exd6 Qxd6 8.
Bc4 Bg4 9. O-O e6 10. Nc3 Nf4 11. Nb5 Qb8 12. d5 exd5 13. Bxf4 Qxf4 14. Bxd5 a6
15. Re1+ Be7 16. Bxc6+ bxc6 17. Nbd4 Rd8 18. Qc2 Bxf3 19. Nxf3 Qc7 20. Qe4 Rd6
21. Nd4 c5 22. Nf5 Re6 23. Nxg7+ Kf8 24. Nxe6+ fxe6 25. Qxe6 Rg8 26. Re5 Rg6
27. Rf5+ Kg7 28. Rf7+ Kh6 29. Qh3+ 1-0

[Event "Znojemska Rotunda 2006"]
[Site "?"]
[Date "2006.08.26"]
[Round "9.2"]
[White "Skaroupka, Jiri"]
[Black "Horak, Karel jun"]
[Result "1/2-1/2"]
[WhiteElo "2161"]
[BlackElo "1794"]
[PlyCount "25"]
[EventDate "2006.08.19"]

1. d4 e6 2. c4 f5 3. Nf3 Nf6 4. g3 Be7 5. Bg2 O-O 6. O-O d6 7. Nc3 Qe8 8. Qd3
Na6 9. e4 fxe4 10. Nxe4 Nb4 11. Qe2 Nxe4 12. Qxe4 d5 13. Qe2 1/2-1/2

[Event "Znojemska Rotunda 2006"]
[Site "?"]
[Date "2006.08.26"]
[Round "9.4"]
[White "Snorek, Milan"]
[Black "Molik, Zdenek 1"]
[Result "0-1"]
[WhiteElo "2201"]
[BlackElo "2195"]
[PlyCount "86"]
[EventDate "2006.08.19"]

1. d4 Nf6 2. Nf3 c5 3. d5 d6 4. c4 b5 5. cxb5 a6 6. bxa6 Bxa6 7. g3 g6 8. Bg2
Bg7 9. O-O O-O 10. Nc3 Nbd7 11. Qc2 Qc7 12. Re1 Rfb8 13. h3 Nb6 14. Nh2 Nfd7
15. Ng4 Rf8 16. Bh6 Nf6 17. Bxg7 Kxg7 18. Nxf6 exf6 19. e4 Rfe8 20. Rad1 Nc4
21. b3 Ne5 22. f4 Nd7 23. Kh2 h5 24. Ne2 Bxe2 25. Rxe2 Ra3 26. Rdd2 Rea8 27.
Qc4 R8a5 28. g4 hxg4 29. hxg4 Qa7 30. g5 fxg5 31. e5 gxf4 32. e6 Ne5 33. Rxe5
dxe5 34. Qc3 Qb8 35. d6 Qh8+ 36. Bh3 Rxa2 37. Qxe5+ f6 38. Qxf4 g5 39. Qe3 g4
40. Rxa2 Rxa2+ 41. Kg1 gxh3 42. Qg3+ Kf8 43. d7 h2+ 0-1

[Event "Znojemska Rotunda 2006"]
[Site "?"]
[Date "2006.08.26"]
[Round "9.5"]
[White "Bilek, Martin"]
[Black "Blazek, Milos"]
[Result "1/2-1/2"]
[WhiteElo "1828"]
[BlackElo "2100"]
[PlyCount "51"]
[EventDate "2006.08.19"]

1. e4 e5 2. Nc3 Nf6 3. f4 d5 4. fxe5 Nxe4 5. Nf3 Bg4 6. d4 Be7 7. Bd3 Nxc3 8.
bxc3 O-O 9. O-O c5 10. Qe1 c4 11. Be2 Nc6 12. Qg3 Qd7 13. Rf2 b5 14. h3 Bf5 15.
Nh2 b4 16. Bg4 Bxg4 17. Nxg4 Kh8 18. Ne3 g6 19. Ng4 bxc3 20. Bh6 Nxd4 21. Bxf8
Rxf8 22. Kh1 Qe6 23. Qxc3 Nf5 24. Re1 h5 25. Nf6 d4 26. Qa5 1/2-1/2

[Event "Znojemska Rotunda 2006"]
[Site "?"]
[Date "2006.08.26"]
[Round "9.6"]
[White "Docekal, Jan"]
[Black "Dvorak, Libor"]
[Result "1/2-1/2"]
[WhiteElo "2159"]
[BlackElo "2079"]
[PlyCount "39"]
[EventDate "2006.08.19"]

1. e4 c5 2. Nc3 Nc6 3. f4 g6 4. Nf3 Bg7 5. Bc4 e6 6. f5 d5 7. exd5 exd5 8. Qe2+
Nge7 9. Nxd5 Bxf5 10. O-O O-O 11. Ne3 Bd7 12. Qf2 Ne5 13. Nxe5 Bxe5 14. c3 b5
15. Be2 f5 16. Nc2 Qc7 17. Qh4 Bf6 18. Qf2 Be5 19. Qh4 Bf6 20. Qf2 1/2-1/2

[Event "Znojemska Rotunda 2006"]
[Site "?"]
[Date "2006.08.26"]
[Round "9.7"]
[White "Pokorny, Jan"]
[Black "Adam, Petr sen"]
[Result "1/2-1/2"]
[WhiteElo "1710"]
[BlackElo "2102"]
[PlyCount "50"]
[EventDate "2006.08.19"]

1. e4 g6 2. d4 Bg7 3. g3 d5 4. e5 c5 5. Bg2 cxd4 6. Qxd4 e6 7. f4 Nc6 8. Qf2 f6
9. exf6 Nxf6 10. Nc3 O-O 11. Nge2 e5 12. fxe5 Nxe5 13. Qd4 Qe7 14. Bg5 Nc6 15.
Qd2 d4 16. Nd5 Qc5 17. Nxf6+ Bxf6 18. Bxf6 Rxf6 19. O-O-O d3 20. Nc3 Rf2 21.
Bd5+ Kg7 22. Qxd3 Bf5 23. Ne4 Bxe4 24. Bxe4 Rd8 25. Qc3+ Qxc3 1/2-1/2